LIBRARY & INFORMATION CENTRE, KCAET, TAVANUR

ONLINE PUBLIC ACCESS CATALOGUE (OPAC)

Sahityasameepanam (Record no. 456)

MARC details
000 -LEADER
fixed length control field 00381cam a2200169ua 4500
041 ## - LANGUAGE CODE
Language code of text/sound track or separate title mal
082 ## - DEWEY DECIMAL CLASSIFICATION NUMBER
Classification number 894.8124
Item number ONA/SA
100 ## - MAIN ENTRY--AUTHOR NAME
Personal name Onakkoor, George .
245 ## - TITLE STATEMENT
Title Sahityasameepanam
260 ## - PUBLICATION, DISTRIBUTION, ETC. (IMPRINT)
Place of publication Kottayam :
Name of publisher National bookstall ,
Year of publication 1968.
300 ## - PHYSICAL DESCRIPTION
Number of Pages 82 ; .
942 ## - ADDED ENTRY ELEMENTS (KOHA)
Koha item type Books
Holdings
Withdrawn status Lost status Damaged status Home library Current library Date acquired Full call number Accession Number Koha item type
      KAUAET KAUAET 07/04/2012 894.8124 12737 Books
free website counter